| 000 | 00000nam 2200000za 4500 |
| 001 | 9.629594 |
| 003 | CaOODSP |
| 005 | 20221107134235 |
| 007 | cr ||||||||||| |
| 008 | 150407s2015||||onc|||||o f|0| 0 eng d |
| 020 | |a978-1-100-24624-6 |
| 040 | |aCaOODSP|beng |
| 043 | |an-cn--- |
| 086 | 1 |aHP40-112/2014E-PDF |
| 245 | 00|aDon't let a small pest turn into a big problem |h[electronic resource] : |bprotect yourself, your family, and your pets from Lyme disease. |
| 260 | |a[Ottawa] : |bPublic Health Agency of Canada, |cc2015. |
| 300 | |a[2] p. |
| 500 | |aIssued also in French under title: Ne laissez pas un petit insecte vous créer de gros ennuis : protégez votre famille, vos animaux et vous contre la maladie de Lyme. |
| 530 | |aIssued also in printed form. |
| 692 | 07|2gccst|aArachnids |
| 692 | 07|2gccst|aPreventative medicine |
| 710 | 2 |aPublic Health Agency of Canada. |
| 775 | 08|tNe laissez pas un petit insecte vous créer de gros ennuis |w(CaOODSP)9.677186 |
| 776 | 0#|tLyme disease |w(CaOODSP)9.630331 |
| 856 | 40|qPDF|s1.41 MB|uhttps://publications.gc.ca/collections/collection_2015/aspc-phac/HP40-112-2014-eng.pdf |
| 986 | |aPub.: 140108 |